Guess the Song by the Lyric's Quiz 2020 - Statistics

General Stats
  • This quiz has been taken 570 times
  • The average score is 3 of 16
Answer Stats
Lyric's Answer % Correct
Don't show up, don't come out Don't Start now: By Dua Lipa
57%
White shirt now red, my bloody nose Bad guy: By Billie Eilish
56%
No, I can't sleep until I feel your touch Blinding Lights: By The Weekend
40%
I know, you know, we know, we weren't meant for each other and its fine If the World was Ending: By JP Saxe & Julia Michaels
30%
And when your done, I'll make you do it all again Dance Monkey: By Tone's and I
29%
Strawberry lipstick state of mind, I get so lost inside your eyes Adore You: By Harry Styles
23%
So lock the door, and throw out the key Stuck with You: By Ariana Grande & Justin Bieber
19%
Went little by little by little until there was nothing at all Before you Go: By Lewis Capaldi
16%
They wouldn't shake their heads and question how much of this I deserve The Man: By Taylor Swift
12%
It's been a couple of month's since I felt like I'm home This City: by Sam Fisher
7%
Sign me up for that full time, I'm yours, all yours What a Man gotta Do: By the Jonas Brothers
6%
Took those stick's and stones, showed 'em I could build a house Daisies: By Katy Perry
5%
So much to say but I don't speak Hurt Somebody: By Noah Kahan and Julia Michaels
5%
We're the type of melody the don't fade out, don't fade out, can't fade out Didn't I: By One Republic
4%
Sunshine living on a perfect day while my worlds crashing down To Die for: By Sam Smith
3%
Is it too late or could this love protect me from the pain? Stupid Love: by Lady Gaga
2%
No matching quizzes found
Score Distribution
Percent of People with Each Score
Percentile by Number Answered
Your Score History
You have not taken this quiz